000 00914cam a2200265Li 4500
005 20151022121715.0
008 151016s2014 xxu frb 001 0 eng d
020 _z9781137263926
020 _z9781137263933
035 _a(OCoLC)882252338
040 _aCO-BoUCM
_bspa
_cSandra Palacio
_dSandra Palacio
041 0 _aeng
245 0 0 _aJournalism and memory
_cEditado por Barbie Zelizer y Keren Tenenboim-Weinblatt
260 _aNueva York (Estados Unidos)
_bPalgrave Macmillan
_c2014
300 _axv, 282 páginas
500 _aIncluye índice
650 7 _aPeriodismo
_921340
650 7 _aMemoria
_919277
_xEstudios
650 7 _aMedios de comunicación de masas
_919235
690 _942898
_aPeriodismo
700 1 _aZelizer, Barbie
_972452
_eeditor
700 1 _aTenenboim-Weinblatt, Keren
_972453
_eeditor
942 _2DEWEY
_a24
_cLIBRO
_e1
_h070.4
_mJ864j
999 _c301226
_d301226